European business

Αποθηκεύτηκε σε:
Λεπτομέρειες βιβλιογραφικής εγγραφής
Κύριος συγγραφέας: Harris, Neil, 1973-
Μορφή: Βιβλίο
Γλώσσα:English
Δημοσίευση: Houndmills : Macmillan Business, 1996
Θέματα:
Ετικέτες: Προσθήκη ετικέτας
Δεν υπάρχουν, Καταχωρήστε ετικέτα πρώτοι!

MARC

LEADER 00000nam a2200000 i 4500
001 1/62180
008 980615s1996 eng d
020 |a 0333626494 
035 |l 10029026 
040 |a GR-MY-UA  |b gre  |e aacr 
041 0 |a eng 
082 0 |a 650.094 
100 1 |a Harris, Neil,   |d 1973- 
245 1 0 |a European business /  |c Neil Harris 
260 |a Houndmills :   |b Macmillan Business,   |c 1996 
300 |a xviii, 362 p. 
504 |a Includes bibliography and index 
650 0 0 |a Business enterprises  |z Europe. 
651 0 |a European Union countries  |x Economic conditions. 
651 0 |a European Union countries  |x Economic policy. 
651 0 |a Europe  |x Economic conditions  |y 1945- 
651 0 |a Europe  |x Economic policy. 
852 |a INST  |b CHIOS  |e 19980615  |h 650.094 HAR  |p 005200016135  |q 005200016135  |t BK  |y 0 
901 |a BIBL-1998-2 
909 |a Χ  |b 057392 
922 |a 2ΕΛΗ  |b 199805  |c ΤΔΕ  |d ΠΑΠΑΣΩΤΗΡΙΟΥ